[Event "Hamar CC-ch A"]
[Site "Hamar"]
[Date "2019.04.25"]
[Round "7"]
[White "Orsleie, Sivert Nikolai"]
[Black "Brobakken, Jorgen"]
[Result "1-0"]
[WhiteElo "1392"]
[BlackElo "1554"]
[PlyCount "67"]
[EventDate "2019.02.21"]
[EventType "swiss"]
[EventRounds "9"]
[EventCountry "NOR"]
[SourceTitle "EXT 2024"]
[Source "ChessBase"]
[SourceDate "2023.10.10"]
[SourceVersion "1"]
[SourceVersionDate "2023.10.10"]
[SourceQuality "1"]

1. d4 d5 2. c4 c6 3. Nf3 Nf6 4. Bf4 g6 5. Nc3 Bg7 6. e3 0-0 7. h3 Bf5 8. cxd5 Nxd5 9. Nxd5 Qxd5 10. Be2 Nd7 11. 0-0 Nf6 12. Qa4 Rfe8 13. Bc4 Qd7 14. Ne5 Qc8 15. Bxf7+ Kf8 16. Bxe8 Qxe8 17. Rac1 Be6 18. b3 a6 19. Qa5 Qc8 20. Nc4 Bxc4 21. Rxc4 Ne4 22. Rfc1 Qe6 23. Qc7 g5 24. Qxb7 gxf4 25. Qxa8+ Kf7 26. Qxc6 Qf5 27. Rc5 Nxc5 28. Rxc5 Qb1+ 29. Kh2 fxe3 30. Qd5+ Kf6 31. Rc6+ e6 32. Rxe6+ Kf7 33. Qd7+ Kf8 34. Re8# 1-0

[Event "Hamar op A"]
[Site "Hamar"]
[Date "2018.10.18"]
[Round "4"]
[White "Madagov, Ibragim"]
[Black "Brobakken, Jorgen"]
[Result "1/2-1/2"]
[WhiteElo "1560"]
[BlackElo "1541"]
[PlyCount "83"]
[EventDate "2018.09.06"]
[EventType "swiss"]
[EventRounds "7"]
[EventCountry "NOR"]
[SourceTitle "EXT 2024"]
[Source "ChessBase"]
[SourceDate "2023.10.10"]
[SourceVersion "1"]
[SourceVersionDate "2023.10.10"]
[SourceQuality "1"]

1. e4 e6 2. d4 d5 3. Nd2 f5 4. exf5 exf5 5. Bd3 Nf6 6. Ngf3 Bd6 7. 0-0 0-0 8. Re1 Ne4 9. c4 c6 10. Ne5 Nd7 11. Ndf3 Qf6 12. Qb3 Qe6 13. Ng5 Nxg5 14. Bxg5 Bxe5 15. dxe5 Nc5 16. Qc2 Nxd3 17. Qxd3 Qg6 18. Be7 dxc4 19. Qxc4+ Be6 20. Qd3 Rfe8 21. Bd6 Rad8 22. Qg3 Qf7 23. a3 f4 24. Qd3 Bd5 25. f3 Qe6 26. Qd2 Bc4 27. Kf2 Qh6 28. Kg1 Qg5 29. Re4 Rxe5 30. Rxc4 Rd5 31. Rd4 R8xd6 32. Rxd5 Rxd5 33. Qe2 Qd8 34. Qe6+ Kf8 35. h3 Rd1+ 36. Rxd1 Qxd1+ 37. Kh2 Qd8 38. Qf5+ Ke7 39. Qe5+ Kf7 40. Qf5+ Qf6 41. Qd7+ Qe7 42. Qf5+ 1/2-1/2

[Event "Hamar op C"]
[Site "Hamar"]
[Date "2015.11.12"]
[Round "5"]
[White "Longva, Oyvind Holmen"]
[Black "Brobakken, Jorgen"]
[Result "1/2-1/2"]
[WhiteElo "828"]
[BlackElo "1180"]
[PlyCount "30"]
[EventDate "2015.09.03"]
[EventType "swiss"]
[EventRounds "7"]
[EventCountry "NOR"]
[SourceTitle "EXT 2024"]
[Source "ChessBase"]
[SourceDate "2023.10.10"]
[SourceVersion "1"]
[SourceVersionDate "2023.10.10"]
[SourceQuality "1"]

1. d4 d5 2. c4 c6 3. Nc3 Nf6 4. Bg5 Nbd7 5. e3 h6 6. Bxf6 Nxf6 7. Nf3 Bf5 8. Qb3 Qc8 9. cxd5 cxd5 10. Bb5+ Bd7 11. Ne5 e6 12. Qa4 a6 13. Bxd7+ Nxd7 14. Nxd7 Qxd7 15. Qxd7+ Kxd7 1/2-1/2

[Event "Hamar op C"]
[Site "Hamar"]
[Date "2015.10.15"]
[Round "4"]
[White "Opseth, Oliver"]
[Black "Brobakken, Jorgen"]
[Result "1/2-1/2"]
[WhiteElo "1137"]
[BlackElo "1180"]
[PlyCount "44"]
[EventDate "2015.09.03"]
[EventType "swiss"]
[EventRounds "7"]
[EventCountry "NOR"]
[SourceTitle "EXT 2024"]
[Source "ChessBase"]
[SourceDate "2023.10.10"]
[SourceVersion "1"]
[SourceVersionDate "2023.10.10"]
[SourceQuality "1"]

1. e4 d5 2. exd5 Qxd5 3. Nc3 Qa5 4. Bc4 Nf6 5. Nf3 Bg4 6. 0-0 e6 7. Re1 Bd6 8. d3 0-0 9. Bd2 Qh5 10. h3 Bxf3 11. Qxf3 Qxf3 12. gxf3 Nbd7 13. Ne4 Nxe4 14. fxe4 Ne5 15. Kg2 Nxc4 16. dxc4 Rad8 17. Rad1 Rd7 18. Bg5 h6 19. Bxh6 gxh6 20. c5 Rfd8 21. cxd6 Rxd6 22. Rxd6 Rxd6 1/2-1/2

[Event "Hamar op C"]
[Site "Hamar"]
[Date "2015.09.17"]
[Round "2"]
[White "Vikerodegarden, Tollef"]
[Black "Brobakken, Jorgen"]
[Result "0-1"]
[WhiteElo "645"]
[BlackElo "1180"]
[PlyCount "74"]
[EventDate "2015.09.03"]
[EventType "swiss"]
[EventRounds "7"]
[EventCountry "NOR"]
[SourceTitle "EXT 2024"]
[Source "ChessBase"]
[SourceDate "2023.10.10"]
[SourceVersion "1"]
[SourceVersionDate "2023.10.10"]
[SourceQuality "1"]

1. e4 d5 2. d3 dxe4 3. Nc3 Bf5 4. Be3 exd3 5. Bxd3 Bxd3 6. Qxd3 Qxd3 7. cxd3 e5 8. Nf3 Nc6 9. Nd5 0-0-0 10. Nc3 h6 11. 0-0-0 Nf6 12. d4 Bd6 13. Rd2 exd4 14. Nxd4 Nxd4 15. Bxd4 Bf4 16. Rhd1 Rxd4 17. g3 Bxd2+ 18. Rxd2 Rxd2 19. Kxd2 Rd8+ 20. Ke3 Nd5+ 21. Nxd5 Rxd5 22. b4 Rd1 23. a4 Rb1 24. b5 Ra1 25. Kd4 Rxa4+ 26. Kc5 Kd7 27. f4 Ra2 28. h4 Ra3 29. g4 Ra4 30. g5 hxg5 31. hxg5 Rxf4 32. b6 cxb6+ 33. Kd5 Rf5+ 34. Ke4 Rxg5 35. Kd4 Rc5 36. Kd3 a5 37. Kd4 a4 0-1

[Event "Hamar op C"]
[Site "Hamar"]
[Date "2015.09.03"]
[Round "1"]
[White "Brobakken, Jorgen"]
[Black "Nordby, Espen"]
[Result "1-0"]
[WhiteElo "1180"]
[BlackElo "694"]
[PlyCount "37"]
[EventDate "2015.09.03"]
[EventType "swiss"]
[EventRounds "7"]
[EventCountry "NOR"]
[SourceTitle "EXT 2024"]
[Source "ChessBase"]
[SourceDate "2023.10.10"]
[SourceVersion "1"]
[SourceVersionDate "2023.10.10"]
[SourceQuality "1"]

1. d4 d5 2. f4 Nf6 3. e3 Nc6 4. Bd3 e6 5. Nf3 Bd6 6. c3 0-0 7. Nbd2 a6 8. 0-0 b5 9. Ne5 Bb7 10. Qe2 Re8 11. e4 h6 12. a3 Kf8 13. Rf3 Re7 14. Rg3 h5 15. Nxc6 Bxc6 16. e5 Bxe5 17. fxe5 Nd7 18. Qxh5 g6 19. Qh8# 1-0

[Event "Politiken Cup 37th"]
[Site "Helsingor"]
[Date "2015.07.28"]
[Round "5"]
[White "Kakulidis, Ellen"]
[Black "Brobakken, Jorgen"]
[Result "1-0"]
[WhiteElo "1770"]
[BlackElo "1521"]
[PlyCount "39"]
[EventDate "2015.07.25"]
[EventType "swiss"]
[EventRounds "10"]
[EventCountry "DEN"]
[SourceTitle "CBM 167 Extra"]
[Source "ChessBase"]
[SourceDate "2015.09.14"]
[SourceVersion "1"]
[SourceVersionDate "2015.09.14"]
[SourceQuality "1"]

1. Nf3 d5 2. d4 Nf6 3. g3 Bf5 4. c4 c6 5. Qb3 Qc7 6. Nc3 e6 7. Bf4 Bd6 8. Bxd6 Qc8 9. cxd5 exd5 10. Bg2 Nbd7 11. 0-0 Nb6 12. Be5 Qd8 13. Rfe1 0-0 14. Nh4 Bg6 15. Nxg6 fxg6 16. e4 Kh8 17. exd5 cxd5 18. Nb5 Nc4 19. Rac1 a6 20. Nc7 1-0

[Event "Hamar op B"]
[Site "Hamar"]
[Date "2014.10.16"]
[Round "4"]
[White "Brobakken, Jorgen"]
[Black "Skjerve, Vemund"]
[Result "1-0"]
[WhiteElo "1060"]
[BlackElo "935"]
[PlyCount "67"]
[EventDate "2014.09.04"]
[EventType "swiss"]
[EventRounds "9"]
[EventCountry "NOR"]
[SourceTitle "EXT 2024"]
[Source "ChessBase"]
[SourceDate "2023.10.10"]
[SourceVersion "1"]
[SourceVersionDate "2023.10.10"]
[SourceQuality "1"]

1. d4 Nf6 2. e3 d5 3. Bd3 e6 4. Nd2 Nc6 5. f4 Nb4 6. Bb5+ c6 7. Ba4 Be7 8. c3 Nd3+ 9. Ke2 Nxc1+ 10. Rxc1 e5 11. dxe5 Bg4+ 12. Ngf3 Ne4 13. Bc2 0-0 14. Nxe4 dxe4 15. Bxe4 Qa5 16. Qb3 Qa6+ 17. Kf2 Be6 18. Qc2 Qxa2 19. Bxh7+ Kh8 20. Be4 g6 21. h4 Bd5 22. Bd3 Bb3 23. Qe2 Qa5 24. h5 g5 25. fxg5 Rg8 26. g6 fxg6 27. hxg6+ Kg7 28. Rh7+ Kf8 29. Bc4 Bxc4 30. Qxc4 Qd5 31. Qf4+ Ke8 32. Qf7+ Kd7 33. Qxe7+ Kc8 34. Qc7# 1-0

[Event "Hamar Region-ch B"]
[Site "Hamar"]
[Date "2014.03.29"]
[Round "3"]
[White "Glaso, Einar Elfinn"]
[Black "Brobakken, Jorgen"]
[Result "1/2-1/2"]
[WhiteElo "1178"]
[BlackElo "1006"]
[PlyCount "35"]
[EventDate "2014.03.29"]
[EventType "swiss"]
[EventRounds "5"]
[EventCountry "NOR"]
[SourceTitle "EXT 2024"]
[Source "ChessBase"]
[SourceDate "2023.10.10"]
[SourceVersion "1"]
[SourceVersionDate "2023.10.10"]
[SourceQuality "1"]

1. d4 Nf6 2. c4 g6 3. Bf4 Bg7 4. Nf3 d6 5. Nc3 Nbd7 6. e3 0-0 7. Be2 c6 8. 0-0 Qc7 9. c5 Nh5 10. cxd6 exd6 11. Bg5 h6 12. Bh4 d5 13. Nd2 Nhf6 14. Rc1 Nb6 15. Nf3 Bf5 16. Ne5 Nbd7 17. Nxd7 Qxd7 18. Bg3 1/2-1/2

[Event "Hamar CC-ch"]
[Site "Hamar"]
[Date "2014.01.09"]
[Round "1"]
[White "Hoel, Ole"]
[Black "Brobakken, Jorgen"]
[Result "1-0"]
[WhiteElo "1731"]
[BlackElo "1083"]
[PlyCount "45"]
[EventDate "2014.01.09"]
[EventType "swiss"]
[EventRounds "9"]
[EventCountry "NOR"]
[SourceTitle "EXT 2024"]
[Source "ChessBase"]
[SourceDate "2023.10.10"]
[SourceVersion "1"]
[SourceVersionDate "2023.10.10"]
[SourceQuality "1"]

1. d4 Nf6 2. c4 d6 3. Nf3 g6 4. Nc3 Bg7 5. e4 0-0 6. h3 Nbd7 7. Bg5 e5 8. dxe5 dxe5 9. Qc2 c6 10. 0-0-0 Qc7 11. Be2 Nc5 12. Be3 Ne6 13. g3 a5 14. c5 Nd7 15. Na4 Nf6 16. Nb6 Rb8 17. Rd6 Ne8 18. Rhd1 Nxd6 19. cxd6 Qd8 20. d7 Qc7 21. dxc8Q Rbxc8 22. Nxc8 Qxc8 23. Bb6 1-0

[Event "NOR-ch U14"]
[Site "Hamar"]
[Date "2013.11.17"]
[Round "6"]
[White "Greibrokk, Ingrid Andrea"]
[Black "Brobakken, Jorgen"]
[Result "1-0"]
[WhiteElo "1515"]
[BlackElo "999"]
[PlyCount "87"]
[EventDate "2013.11.15"]
[EventType "swiss"]
[EventRounds "7"]
[EventCountry "NOR"]
[SourceTitle "EXT 2024"]
[Source "ChessBase"]
[SourceDate "2023.10.10"]
[SourceVersion "1"]
[SourceVersionDate "2023.10.10"]
[SourceQuality "1"]

1. e4 d5 2. exd5 Qxd5 3. Nc3 Qa5 4. Nf3 Nf6 5. Be2 Bf5 6. 0-0 e6 7. d4 c6 8. Bf4 Be7 9. h3 Nbd7 10. a3 0-0 11. Nh4 Ne4 12. Nxf5 exf5 13. Qd3 Ndf6 14. Nd1 Rad8 15. Ne3 Qb6 16. Nxf5 Rfe8 17. Nxe7+ Rxe7 18. Be3 Qc7 19. Rfd1 Rde8 20. c4 h6 21. Rac1 Rd7 22. b4 Qb8 23. Qb3 Red8 24. Bf3 b6 25. Qc2 Re8 26. d5 Rde7 27. dxc6 Qc7 28. b5 Ng3 29. c5 Qc8 30. cxb6 axb6 31. a4 Nf5 32. Bf4 Nh4 33. Qc3 Ne4 34. Bxe4 Rxe4 35. Bg3 Rxa4 36. Bxh4 Rxh4 37. c7 Rh5 38. Qc6 Rhe5 39. Qxb6 Rg5 40. Rd8 Qxh3 41. Rxe8+ Kh7 42. Rh8+ Kxh8 43. c8Q+ Kh7 44. Qxh3 1-0

[Event "Hamar op"]
[Site "Hamar"]
[Date "2013.10.03"]
[Round "3"]
[White "Brobakken, Jorgen"]
[Black "Soberg, Anders"]
[Result "0-1"]
[WhiteElo "1005"]
[BlackElo "961"]
[PlyCount "106"]
[EventDate "2013.08.29"]
[EventType "swiss"]
[EventRounds "7"]
[EventCountry "NOR"]
[SourceTitle "EXT 2024"]
[Source "ChessBase"]
[SourceDate "2023.10.10"]
[SourceVersion "1"]
[SourceVersionDate "2023.10.10"]
[SourceQuality "1"]

1. Nf3 d5 2. g3 c5 3. d3 Nf6 4. Bg2 Nc6 5. Nbd2 e5 6. c3 Be6 7. Qc2 Be7 8. 0-0 Qd7 9. e4 d4 10. cxd4 cxd4 11. Nc4 Rc8 12. Ncxe5 Nxe5 13. Qd1 Nxf3+ 14. Qxf3 Bg4 15. Qf4 0-0 16. Qd2 Qa4 17. a3 Nh5 18. f3 Rc2 19. Qd1 Be6 20. Rb1 Bb3 21. Bd2 Bg5 22. f4 Bh6 23. Rf2 Nf6 24. Qe1 Ng4 25. Rf1 Ba2 26. Rc1 Rxb2 27. Bb4 Re8 28. Rc7 Ne3 29. Rf2 Rb1 30. Rc1 Rxc1 31. Qxc1 Qb3 32. Qd2 Qb1+ 33. Bf1 Bb3 34. Bc5 Qa1 35. Bxa7 Rc8 36. Qb2 Qxb2 37. Rxb2 Rc1 38. Rf2 Bd1 39. Bxd4 Ng4 40. Rb2 g5 41. Rxb7 f6 42. h3 Be2 43. Rb8+ Kf7 44. Rb7+ Kg6 45. hxg4 Rxf1+ 46. Kg2 gxf4 47. Rb6 f3+ 48. Kh2 Bg5 49. e5 Bxd3 50. exf6 Be4 51. f7+ Kxf7 52. Rb2 f2 53. Bxf2 Rh1# 0-1

[Event "Hamar op"]
[Site "Hamar"]
[Date "2013.08.29"]
[Round "1"]
[White "Brobakken, Jorgen"]
[Black "Jotun, Jan"]
[Result "0-1"]
[WhiteElo "1005"]
[BlackElo "1646"]
[PlyCount "44"]
[EventDate "2013.08.29"]
[EventType "swiss"]
[EventRounds "7"]
[EventCountry "NOR"]
[SourceTitle "EXT 2024"]
[Source "ChessBase"]
[SourceDate "2023.10.10"]
[SourceVersion "1"]
[SourceVersionDate "2023.10.10"]
[SourceQuality "1"]

1. Nf3 d5 2. d3 Nf6 3. g3 g6 4. Bg2 Bg7 5. Nbd2 Nc6 6. c3 e5 7. Qc2 0-0 8. 0-0 Bf5 9. e4 Bg4 10. Nb3 Qd6 11. Ne1 a5 12. f4 a4 13. Nd2 Qc5+ 14. Kh1 Be2 15. d4 exd4 16. Rf2 d3 17. Nxd3 Bxd3 18. b4 Qxf2 19. Qxd3 dxe4 20. Nxe4 Nxe4 21. Qxe4 Rae8 22. Be3 Qe2 0-1

[Event "NOR-ch Class5"]
[Site "Lillehammer"]
[Date "2013.06.29"]
[Round "8"]
[White "Brobakken, Jorgen"]
[Black "Jenssen, Stig Rune"]
[Result "1/2-1/2"]
[WhiteElo "857"]
[BlackElo "916"]
[PlyCount "34"]
[EventDate "2013.06.29"]
[EventType "swiss"]
[EventRounds "9"]
[EventCountry "NOR"]
[SourceTitle "EXT 2017"]
[Source "ChessBase"]
[SourceDate "2016.10.25"]
[SourceVersion "1"]
[SourceVersionDate "2016.10.25"]
[SourceQuality "1"]

1. Nf3 Nf6 2. g3 g6 3. Bg2 Bg7 4. d3 0-0 5. Nbd2 d6 6. 0-0 c5 7. c3 Nc6 8. Re1 Re8 9. e4 e5 10. Qc2 b5 11. a3 a5 12. a4 b4 13. cxb4 axb4 14. b3 Bb7 15. Bb2 h6 16. Qc4 Ba6 17. Qc2 Bb7 1/2-1/2

[Event "NOR-ch Class5"]
[Site "Lillehammer"]
[Date "2013.06.29"]
[Round "6"]
[White "Brobakken, Jorgen"]
[Black "Lien, Johan"]
[Result "1-0"]
[WhiteElo "857"]
[BlackElo "876"]
[PlyCount "133"]
[EventDate "2013.06.29"]
[EventType "swiss"]
[EventRounds "9"]
[EventCountry "NOR"]
[SourceTitle "EXT 2017"]
[Source "ChessBase"]
[SourceDate "2016.10.25"]
[SourceVersion "1"]
[SourceVersionDate "2016.10.25"]
[SourceQuality "1"]

1. Nf3 Nc6 2. g3 d5 3. d3 e5 4. Nbd2 Nf6 5. Bg2 Bc5 6. 0-0 0-0 7. c3 Re8 8. e4 d4 9. cxd4 Nxd4 10. Nxd4 Bxd4 11. Nf3 Bg4 12. Qb3 b6 13. Ng5 Be6 14. Nxe6 Rxe6 15. Kh1 Ng4 16. Bh3 Rg6 17. Bxg4 Rxg4 18. f4 Qf6 19. Bd2 Qe6 20. Qxe6 fxe6 21. f5 Bxb2 22. Rab1 Bd4 23. Bb4 c5 24. Bd2 exf5 25. Rxf5 Rf8 26. Rbf1 Rxf5 27. Rxf5 g6 28. Rf3 h5 29. h3 Rxg3 30. Rxg3 Kg7 31. Be3 Bc3 32. Rg1 Bb2 33. Rb1 Bc3 34. Rc1 Bb2 35. Rc4 a5 36. Rc2 Ba3 37. Rf2 Bb4 38. Bg5 Kg8 39. Rf6 b5 40. Rxg6+ Kf7 41. Rb6 c4 42. dxc4 bxc4 43. Rc6 c3 44. a3 Bxa3 45. Rxc3 Bb4 46. Rb3 Kg6 47. Bc1 h4 48. Ba3 Bd2 49. Rb5 Kg5 50. Rxe5+ Kf4 51. Bd6 a4 52. Rd5+ Ke3 53. Bc5+ Ke2 54. Rxd2+ Kxd2 55. e5 Kc2 56. e6 Kb3 57. e7 a3 58. Bxa3 Kxa3 59. e8Q Ka2 60. Qe3 Kb1 61. Qd2 Ka1 62. Kg2 Kb1 63. Kf3 Ka1 64. Ke3 Kb1 65. Kd3 Ka1 66. Kc3 Kb1 67. Qb2# 1-0